<?xml version="1.0" encoding="UTF-8"?><?xml-stylesheet type="text/xsl" href="static/style.xsl"?><OAI-PMH xmlns="http://www.openarchives.org/OAI/2.0/" xmlns:xsi="http://www.w3.org/2001/XMLSchema-instance" xsi:schemaLocation="http://www.openarchives.org/OAI/2.0/ http://www.openarchives.org/OAI/2.0/OAI-PMH.xsd"><responseDate>2026-04-17T09:35:55Z</responseDate><request verb="GetRecord" identifier="oai:riubu.ubu.es:10259/9629" metadataPrefix="marc">https://riubu.ubu.es/oai/request</request><GetRecord><record><header><identifier>oai:riubu.ubu.es:10259/9629</identifier><datestamp>2024-10-23T00:05:22Z</datestamp><setSpec>com_10259_9622</setSpec><setSpec>com_10259_5086</setSpec><setSpec>com_10259_2604</setSpec><setSpec>col_10259_9623</setSpec></header><metadata><record xmlns="http://www.loc.gov/MARC21/slim" xmlns:doc="http://www.lyncode.com/xoai" xmlns:xsi="http://www.w3.org/2001/XMLSchema-instance" xmlns:dcterms="http://purl.org/dc/terms/" xsi:schemaLocation="http://www.loc.gov/MARC21/slim http://www.loc.gov/standards/marcxml/schema/MARC21slim.xsd">
<leader>00925njm 22002777a 4500</leader>
<datafield tag="042" ind1=" " ind2=" ">
<subfield code="a">dc</subfield>
</datafield>
<datafield tag="720" ind1=" " ind2=" ">
<subfield code="a">Margaça, Clara</subfield>
<subfield code="e">author</subfield>
</datafield>
<datafield tag="720" ind1=" " ind2=" ">
<subfield code="a">Calderón Monge, Esther</subfield>
<subfield code="e">author</subfield>
</datafield>
<datafield tag="720" ind1=" " ind2=" ">
<subfield code="a">Sánchez Garcia, José Carlos</subfield>
<subfield code="e">author</subfield>
</datafield>
<datafield tag="260" ind1=" " ind2=" ">
<subfield code="c">2024-02</subfield>
</datafield>
<datafield tag="520" ind1=" " ind2=" ">
<subfield code="a">Purpose:&#xd;
Understanding the role of emotion, landscape, involvement and storytelling related to wine is the basis for understanding the wine tourist experience. The purpose of this study is to analyze the validity and reliability of the wine experience scale in Spain.&#xd;
&#xd;
Design/methodology/approach:&#xd;
The scale validation comprised translation, cultural adaptation and validity, in which 250 wine tourists (45.6% male and 54.4% female) from 17 Spanish wineries participated. Data was collected on different days during three consecutive months. To carry out the analyses, IBM SPSS and JASP software were used.&#xd;
&#xd;
Findings:&#xd;
The statistical procedures used allowed the verification of psychometric properties as well as adjustment indices and reliability measures. The analyses carried out retained 16 items and ensured grouping into four factors: wine storytelling, wine involvement, winescape and wine tasting excitement.&#xd;
&#xd;
Originality/value:&#xd;
By providing this instrument, it will be possible to create a promising path of commercial knowledge. Its application will contribute to establishing a more accurate profile of wine tourists and, simultaneously, to adapting a sustainable tourist offer.</subfield>
</datafield>
<datafield tag="024" ind2=" " ind1="8">
<subfield code="a">1751-1062</subfield>
</datafield>
<datafield tag="024" ind2=" " ind1="8">
<subfield code="a">http://hdl.handle.net/10259/9629</subfield>
</datafield>
<datafield tag="024" ind2=" " ind1="8">
<subfield code="a">10.1108/IJWBR-04-2023-0018</subfield>
</datafield>
<datafield tag="024" ind2=" " ind1="8">
<subfield code="a">1751-1062</subfield>
</datafield>
<datafield ind1=" " ind2=" " tag="653">
<subfield code="a">Spain</subfield>
</datafield>
<datafield ind1=" " ind2=" " tag="653">
<subfield code="a">Scale validation</subfield>
</datafield>
<datafield ind1=" " ind2=" " tag="653">
<subfield code="a">Hedonic experience</subfield>
</datafield>
<datafield ind1=" " ind2=" " tag="653">
<subfield code="a">Wine experience</subfield>
</datafield>
<datafield ind1=" " ind2=" " tag="653">
<subfield code="a">Wine tourist motivations</subfield>
</datafield>
<datafield tag="245" ind1="0" ind2="0">
<subfield code="a">Wine experience scale: validating the behavior and motivations of Spanish wine tourists</subfield>
</datafield>
</record></metadata></record></GetRecord></OAI-PMH>